Mauvaises blagues #6 - Trouvez les titres de films - Statistiques

Statistiques générales
  • Ce quiz a été pris 6 fois
  • Le résultat moyen est 3 sur 12
Statistiques - réponses
Hint Réponse % Correct
Très grand Titanic
67%
Celui qui secourait l'océan Les Dents de la mer
33%
La clique de Panurge : "..." Le Silence des agneaux
33%
Mais trompe de bonne heure Memento
33%
Nettoya vers 23 heures 30 Avatar
17%
Nuageuse Grease
17%
Environ 60 minutes Her
17%
Bobby Watts, né le 24 septembre Stephen Smith, né le 10 novembre John Brown, né le 20 décembre Légendes d'automne
17%
On on on on on.... Léon
17%
Mon érection Matrix
17%
L'homme qui avait épousé un roi Rain Man
17%
"i" prononcé par Joe Cocker Rocky
17%
Aucun quiz correspondant
Distribution des résultats
% des personnes avec chaque résultat
Percentile par nombre de réponses
Votre historique - résultats
Vous n’avez pas pris ce quiz